[Event "XIV American Continental-ch 2019"]
[Site "Sao Paulo"]
[Date "2019.07.10"]
[Round "7.3"]
[White "Supi, Luis Paulo"]
[Black "Quintiliano Pinto, Renato R."]
[Result "1/2-1/2"]
[WhiteElo "2562"]
[BlackElo "2443"]
[Annotator "TA"]
[PlyCount "175"]
[EventDate "2019.07.05"]
[EventType "swiss"]
[EventCountry "BRA"]
[SourceTitle "playchess.com"]
[Source "ChessBase"]
[SourceQuality "1"]

{[%evp 19,175,7,0,0,11,10,10,9,0,0,16,0,8,0,0,9,28,24,14,14,22,26,52,-20,-28,-76,-76,-73,-80,-70,-54,-54,-54,-62,-62,-59,-72,-66,-54,-54,-54,-54,-54,-54,-54,-54,-54,-54,-54,-54,-54,-54,-54,-66,0,-54,-54,-54,-54,-54,-54,-54,-54,-66,-54,-73,-72,-75,-75,-82,-75,-102,-91,-102,-102,-92,-99,-92,-92,-102,-101,-101,-101,-101,-101,-101,-82,-82,-82,-82,-82,-82,-82,-92,-92,-93,0,-82,-82,-82,-82,-82,-82,-82,-82,-82,-82,-92,-92,-92,-82,-82,-82,-82,-82,-78,-75,-92,-82,-128,-75,-92,-92,-92,-92,-92,-92,-107,-92,-92,-92,-92,-92,-107,-107,-107,-107,-107,-107,-107,-107,-105,-108,-113,-115,-116,-119,-119,-105,-110,-40,-48,-44,-40,0,-48,-48,-122]} 1. c4 e6 2. g3 Nf6 3. Bg2 d5 4. Nf3 Be7 5. O-O O-O 6. b3 c5 7. Bb2 Nc6 8. e3 b6 9. Nc3 Ba6 10. d3 Rc8 11. Re1 {A14: English Opening: 1...e6 with b3 by White} (11. Qe2 Qd7 12. Rad1 Rfd8 13. h3 Qe8 14. Rfe1 h6 15. a3 Bb7 16. Qc2 Rd7 17. Ne2 Nh7 18. h4 Bf6 19. cxd5 Rxd5 {½-½ (48) Eljanov,P (2739)-Harikrishna,P (2752) Baku 2016}) 11... Qd7 12. cxd5 $146 ({Predecessor:} 12. a3 Rfd8 13. Qc2 dxc4 14. dxc4 Qd3 15. Qxd3 Rxd3 16. Red1 Rxd1+ 17. Rxd1 Na5 18. Nd2 Rd8 {½-½ (42) Knudsen,P-Sorensen,A Horsens 1978}) 12... Nxd5 13. Nxd5 {The position is equal.} exd5 14. d4 c4 {Threatening ...Bb4.} 15. e4 dxe4 (15... Bb4 {feels hotter.} 16. exd5 Na5 17. Ne5 Qd6 18. Re2 c3) 16. Rxe4 Bf6 17. Ne5 Bxe5 18. dxe5 Qxd1+ 19. Rxd1 Rfd8 20. Rd6 cxb3 21. axb3 ({Better is} 21. Bh3 $1 $14 Rb8 22. axb3) 21... Nxe5 $1 $11 22. Bxe5 Rxd6 23. Bxd6 {[#] h4 is the strong threat.} Rc1+ 24. Bf1 Rxf1+ $15 {[%mdl 4096] Endgame KRB-KRB} 25. Kg2 {[%cal Re4e8]} h6 26. Ra4 Bb5 27. Rxa7 Rd1 28. Bc7 Bf1+ 29. Kf3 Rd3+ 30. Ke4 Rxb3 31. h4 Be2 32. Bf4 Rb4+ 33. Ke3 Bg4 34. Kd3 Be6 35. Kc3 Rc4+ 36. Kb2 Rb4+ 37. Kc3 Rb3+ 38. Kc2 b5 {[%cal Bb6b5,Bb5b4,Bb4b3][%mdl 32]} 39. Be3 Rb4 40. Kc3 Rc4+ 41. Kb2 Re4 42. Rb7 b4 43. Rc7 b3 44. Rc1 Kh7 45. Re1 Re5 46. Bd2 Rf5 47. Bf4 Ra5 48. Ra1 Rb5 49. Re1 Kg6 50. Re5 Rb4 51. Bd2 Ra4 52. Ra5 Rd4 53. Bc3 Rd1 54. Ra1 Rd3 55. Ra5 Rd7 56. Re5 Bd5 57. Re1 Be6 58. Re5 Rd6 59. Bb4 Rb6 60. Bc3 Ra6 {[#] aiming for ...Ra2+.} 61. Ra5 Rd6 62. Re5 f6 63. Ra5 Bd5 64. Ra1 Rc6 65. Ra5 Bc4 66. Bd4 Be6 {White must now prevent ...Rc2+.} 67. Rc5 Rd6 68. Be3 Ra6 69. Bd4 Ra4 (69... Ra2+ $142 70. Kc1 Re2 71. h5+ Kf7 72. Rc7+ Kf8) 70. Kc3 h5 71. Rb5 Rc4+ 72. Kd3 Rc2 {Threatens to win with ...Bc4+.} 73. Ke3 Rc7 74. Bb2 Bc4 75. Rb4 Kf5 76. f3 Kg6 77. Kf4 Bd5 78. Bd4 Re7 79. Rb5 Bf7 80. g4 hxg4 81. fxg4 Bc4 82. Rb4 Bd5 {Strongly threatening ...Re4+.} 83. Bc3 Re2 84. g5 Rf2+ ({Black should play} 84... Rh2 $17 85. Ke3 Rh3+ 86. Kd2 f5) 85. Ke3 Rf3+ 86. Kd2 $1 Rf2+ 87. Ke3 Rc2 88. Kd3 {Accuracy: White = 68%, Black = 68%.} (88. Bd4 $15) 1/2-1/2

[Event "XIV American Continental-ch 2019"]
[Site "Sao Paulo"]
[Date "2019.07.10"]
[Round "7.4"]
[White "Gonzalez Vidal, Yuri"]
[Black "Hernandez Sanchez, Jairo Andres"]
[Result "1/2-1/2"]
[WhiteElo "2547"]
[BlackElo "2387"]
[Annotator "RC"]
[PlyCount "97"]
[EventDate "2019.07.05"]
[EventType "swiss"]
[EventCountry "BRA"]
[SourceTitle "playchess.com"]
[Source "ChessBase"]
[SourceQuality "1"]
[TimeControl "40/5400+30:1800+30"]

1. e4 {[%emt 0:00:00]} c5 {[%emt 0:01:30]} 2. Nf3 {[%emt 0:00:00]} Nc6 {[%emt 0:00:44]} 3. Bb5 {[%emt 0:00:01]} g6 {[%emt 0:00:24]} 4. Bxc6 {[%emt 0:00:35]} dxc6 {[%emt 0:00:29]} 5. d3 {[%emt 0:00:16]} Bg7 {[%emt 0:01:03]} 6. h3 {[%emt 0:00:16]} Nf6 {[%emt 0:01:15]} 7. Nc3 {[%emt 0:01:40]} Nd7 {[%emt 0:02:12]} 8. Be3 {[%emt 0:01:16]} e5 {[%emt 0:00:58]} 9. O-O {[%emt 0:00:39]} Qe7 {[%emt 0:01:48]} 10. Qd2 {[%emt 0:00:13]} h6 {[%emt 0:01:25]} 11. Nh2 {[%emt 0:01:07]} Nf8 {[%emt 0:03:42]} 12. f4 {[%emt 0:02:10]} exf4 {[%emt 0:01:02]} 13. Bxf4 {[%emt 0:01:21]} g5 {[%emt 0:04:34]} 14. Bg3 {[%emt 0:14:53]} Ng6 {[%emt 0:05:34]} 15. Rae1 {[%emt 0:01:22]} Be6 {[%emt 0:08:19]} 16. Nd5 {[%emt 0:20:08]} cxd5 {[%emt 0:11:08]} 17. exd5 {[%emt 0:00:06]} O-O {[%emt 0:01:11]} 18. b3 {[%emt 0:02:32]} b6 {[%emt 0:08:31]} 19. dxe6 {[%emt 0:02:33]} f5 {[%emt 0:03:28]} 20. Nf3 {[%emt 0:04:52]} Rad8 {[%emt 0:11:17]} 21. c3 {[%emt 0:15:37]} f4 {[%emt 0:11:09]} 22. Bf2 {[%emt 0:01:04]} Rf6 {[%emt 0:01:37]} 23. Qe2 {[%emt 0:02:40]} Nf8 {[%emt 0:01:41]} 24. d4 {[%emt 0:00:45]} Rxe6 {[%emt 0:01:19]} 25. Qc4 {[%emt 0:00:24]} Qf7 {[%emt 0:03:23]} 26. dxc5 {[%emt 0:03:18]} Rxe1 {[%emt 0:01:33]} 27. Qxf7+ {[%emt 0:00:07]} Kxf7 {[%emt 0:00:06]} 28. Rxe1 {[%emt 0:00:08]} bxc5 {[%emt 0:01:15]} 29. Bxc5 {[%emt 0:00:31]} Ne6 {[%emt 0:02:44]} 30. Bxa7 {[%emt 0:02:40]} Ra8 {[%emt 0:00:40]} 31. Bd4 {[%emt 0:05:05]} Nxd4 {[%emt 0:00:29]} 32. Nxd4 {[%emt 0:06:50]} Bxd4+ {[%emt 0:01:29]} 33. cxd4 {[%emt 0:00:02]} Rxa2 {[%emt 0:00:10]} 34. Rb1 {[%emt 0:01:10]} Ke6 {[%emt 0:04:34]} 35. b4 {[%emt 0:00:06]} Kd6 {[%emt 0:00:49]} 36. b5 {[%emt 0:00:22]} Kc7 {[%emt 0:00:41]} 37. Re1 {[%emt 0:10:03]} Kb6 {[%emt 0:01:14]} 38. Re5 {[%emt 0:00:29]} Rd2 {[%emt 0:00:45]} 39. Rd5 {[%emt 0:00:17]} Rb2 {[%emt 0:01:33]} 40. Rd6+ {[%emt 0:01:21]} Kxb5 {[%emt 0:00:23]} 41. Rxh6 {[%emt 0:30:40]} Kc4 {[%emt 0:31:01]} 42. Rh5 {[%emt 0:00:00]} Rb5 {[%emt 0:00:00]} 43. h4 {[%emt 0:00:00]} Kxd4 {[%emt 0:00:00]} 44. hxg5 {[%emt 0:00:00]} Ke4 {[%emt 0:00:00]} 45. Kh2 {[%emt 0:00:00]} Rb3 {[%emt 0:00:00]} 46. Rh3 {[%emt 0:00:00]} Rb5 {[%emt 0:00:00]} 47. Rh5 {[%emt 0:00:00]} Rb3 {[%emt 0:00:00]} 48. Rh3 {[%emt 0:00:00]} Rb5 {[%emt 0:00:00]} 49. Rh5 {[%emt 0:00:00]} 1/2-1/2

[Event "XIV American Continental-ch 2019"]
[Site "Sao Paulo"]
[Date "2019.07.09"]
[Round "7.5"]
[White "Krysa, Leandro"]
[Black "Garcia Pantoja, Roberto"]
[Result "1/2-1/2"]
[WhiteElo "2517"]
[BlackElo "2529"]
[Annotator "ChessBase"]
[PlyCount "45"]
[EventDate "2019.07.05"]
[EventType "swiss"]
[EventCountry "BRA"]
[SourceTitle "playchess.com"]
[Source "ChessBase"]
[SourceQuality "1"]
[TimeControl "40/5400+30:1800+30"]

1. Nf3 {[%emt 0:00:53]} d5 {[%emt 0:00:00]} 2. e3 {[%emt 0:00:27]} Nf6 {[%emt 0:00:01]} 3. c4 {[%emt 0:00:15]} e6 {[%emt 0:00:09]} 4. Nc3 {[%emt 0:00:17]} Be7 {[%emt 0:00:11]} 5. b3 {[%emt 0:00:20]} O-O {[%emt 0:00:34]} 6. Bb2 {[%emt 0:00:05]} b6 {[%emt 0:09:54]} 7. Rc1 {[%emt 0:06:58]} Bb7 {[%emt 0:00:51]} 8. cxd5 {[%emt 0:00:26]} exd5 {[%emt 0:03:43]} 9. d4 {[%emt 0:00:20]} Nbd7 {[%emt 0:01:06]} 10. Bd3 {[%emt 0:09:06]} a6 {[%emt 0:01:35]} 11. Ne5 {[%emt 0:10:09]} Bd6 {[%emt 0:08:40]} 12. f4 {[%emt 0:02:53]} c5 {[%emt 0:06:34]} 13. Qf3 {[%emt 0:17:21]} Re8 {[%emt 0:00:12]} 14. O-O {[%emt 0:02:00]} cxd4 {[%emt 0:02:05]} 15. exd4 {[%emt 0:00:06]} b5 {[%emt 0:00:06]} 16. Rc2 {[%emt 0:04:00]} Nf8 {[%emt 0:01:41]} 17. Kh1 {[%emt 0:06:02]} Rc8 {[%emt 0:06:02]} 18. Rfc1 {[%emt 0:01:13]} Rc7 {[%emt 0:06:55]} 19. h3 {[%emt 0:03:50]} Qa8 {[%emt 0:09:46]} 20. a4 {[%emt 0:03:19]} b4 {[%emt 0:02:24]} 21. Ne2 {[%emt 0:01:14]} Rxc2 {[%emt 0:02:52]} 22. Rxc2 {[%emt 0:00:06]} Rc8 {[%emt 0:14:25]} 23. Ng3 1/2-1/2

[Event "XIV American Continental-ch 2019"]
[Site "Sao Paulo"]
[Date "2019.07.10"]
[Round "7.6"]
[White "Santiago, Yago De Moura"]
[Black "Mieles Palau, Daniel"]
[Result "1-0"]
[WhiteElo "2473"]
[BlackElo "2359"]
[Annotator "ChessBase"]
[PlyCount "174"]
[EventDate "2019.07.05"]
[EventType "swiss"]
[EventCountry "BRA"]
[SourceTitle "playchess.com"]
[Source "ChessBase"]
[SourceQuality "1"]
[TimeControl "40/5400+30:1800+30"]

1. c4 {[%emt 0:00:00]} e6 {[%emt 0:00:06]} 2. d4 {[%emt 0:00:25]} d5 {[%emt 0:00:29]} 3. Nc3 {[%emt 0:00:23]} Nf6 {[%emt 0:01:22]} 4. e3 {[%emt 0:01:59]} a6 {[%emt 0:06:52]} 5. Nf3 {[%emt 0:09:04]} dxc4 {[%emt 0:04:06]} 6. Bxc4 {[%emt 0:00:23]} b5 {[%emt 0:01:19]} 7. Bb3 {[%emt 0:00:21]} Bb7 {[%emt 0:01:03]} 8. O-O {[%emt 0:00:15]} c5 {[%emt 0:07:53]} 9. Qe2 {[%emt 0:00:30]} Nbd7 {[%emt 0:07:32]} 10. Rd1 {[%emt 0:00:19]} Qc7 {[%emt 0:05:51]} 11. e4 {[%emt 0:04:26]} cxd4 {[%emt 0:09:46]} 12. Nxd4 {[%emt 0:00:50]} b4 {[%emt 0:01:55]} 13. Nd5 {[%emt 0:12:56]} exd5 {[%emt 0:05:22]} 14. exd5+ {[%emt 0:01:15]} Qe5 {[%emt 0:00:19]} 15. Qxe5+ {[%emt 0:00:16]} Nxe5 {[%emt 0:00:01]} 16. Re1 {[%emt 0:00:11]} Bd6 {[%emt 0:18:15]} 17. Nf5 {[%emt 0:08:04]} O-O-O {[%emt 0:03:20]} 18. Nxd6+ {[%emt 0:01:26]} Rxd6 {[%emt 0:00:01]} 19. Bf4 {[%emt 0:04:10]} Nfd7 {[%emt 0:10:05]} 20. Rac1+ {[%emt 0:00:50]} Kd8 {[%emt 0:00:00]} 21. Bxe5 {[%emt 0:08:41]} Nxe5 {[%emt 0:00:02]} 22. Rxe5 {[%emt 0:00:10]} Re8 {[%emt 0:05:52]} 23. f4 {[%emt 0:06:11]} f6 {[%emt 0:01:58]} 24. Rxe8+ {[%emt 0:01:00]} Kxe8 {[%emt 0:00:01]} 25. Kf2 {[%emt 0:08:23]} Kd7 {[%emt 0:00:53]} 26. Rc5 {[%emt 0:00:26]} Rb6 {[%emt 0:00:06]} 27. Ke3 {[%emt 0:01:56]} Kd6 {[%emt 0:00:41]} 28. Kd4 {[%emt 0:00:08]} Rb5 {[%emt 0:00:05]} 29. Rxb5 {[%emt 0:00:19]} axb5 {[%emt 0:00:03]} 30. a3 {[%emt 0:00:23]} bxa3 {[%emt 0:00:05]} 31. bxa3 {[%emt 0:00:05]} f5 {[%emt 0:01:34]} 32. g3 {[%emt 0:18:42]} g6 {[%emt 0:00:09]} 33. Ba2 {[%emt 0:01:55]} Ba8 {[%emt 0:00:04]} 34. Bb3 {[%emt 0:01:03]} Bb7 {[%emt 0:00:03]} 35. h3 {[%emt 0:00:06]} h5 {[%emt 0:01:15]} 36. Ba2 {[%emt 0:04:17]} Ba8 {[%emt 0:00:04]} 37. Bb3 {[%emt 0:02:17]} Bb7 {[%emt 0:00:01]} 38. Ba2 {[%emt 0:02:59]} Ba8 {[%emt 0:00:02]} 39. Bb1 {[%emt 0:00:11]} Bxd5 {[%emt 0:00:06]} 40. Bd3 {[%emt 0:00:06]} Bc6 {[%emt 0:00:07]} 41. Be2 {[%emt 0:30:21]} Bd7 {[%emt 0:36:38]} 42. Bf3 {[%emt 0:01:14]} Be6 {[%emt 0:03:00]} 43. Bg2 {[%emt 0:00:00]} Bf7 {[%emt 0:00:00]} 44. Bf3 {[%emt 0:00:00]} Be6 {[%emt 0:00:00]} 45. Bb7 {[%emt 0:00:00]} Bf7 {[%emt 0:00:00]} 46. Ba6 {[%emt 0:00:00]} Be8 {[%emt 0:00:00]} 47. Kc3 {[%emt 0:00:00]} Kc5 {[%emt 0:00:00]} 48. Bc8 {[%emt 0:00:00]} Bc6 {[%emt 0:00:00]} 49. Be6 {[%emt 0:00:00]} Bg2 {[%emt 0:00:00]} 50. Bf7 {[%emt 0:00:00]} Bxh3 {[%emt 0:00:00]} 51. Bxg6 {[%emt 0:00:00]} Bg4 {[%emt 0:00:00]} 52. Bf7 {[%emt 0:00:00]} Bf3 {[%emt 0:00:00]} 53. Be6 {[%emt 0:00:00]} Bg4 {[%emt 0:00:00]} 54. Bd7 {[%emt 0:00:00]} Bh3 {[%emt 0:00:00]} 55. Be8 {[%emt 0:00:13]} Bg4 {[%emt 0:00:00]} 56. Bg6 {[%emt 0:00:47]} Kd5 {[%emt 0:00:00]} 57. Kd3 {[%emt 0:00:16]} Kc5 {[%emt 0:00:00]} 58. Bf7 {[%emt 0:00:15]} Bf3 {[%emt 0:00:00]} 59. Bb3 {[%emt 0:00:53]} Bg4 {[%emt 0:00:00]} 60. Bc2 {[%emt 0:03:50]} Kd5 {[%emt 0:00:00]} 61. Ke3 {[%emt 0:00:28]} Kc4 {[%emt 0:00:00]} 62. Bd3+ {[%emt 0:00:07]} Kc5 {[%emt 0:00:00]} 63. Bf1 {[%emt 0:00:12]} Bd1 {[%emt 0:00:00]} 64. Kd2 {[%emt 0:00:54]} Bf3 {[%emt 0:00:00]} 65. Kc3 {[%emt 0:00:06]} Bd1 {[%emt 0:00:00]} 66. Bd3 {[%emt 0:00:44]} Bg4 {[%emt 0:00:00]} 67. Bc2 {[%emt 0:00:08]} Bh3 {[%emt 0:00:00]} 68. Bb1 {[%emt 0:00:54]} Bg4 {[%emt 0:00:00]} 69. Ba2 {[%emt 0:00:09]} Bf3 {[%emt 0:00:00]} 70. Bf7 {[%emt 0:00:32]} Bg4 {[%emt 0:00:00]} 71. Kd3 {[%emt 0:00:27]} Bf3 {[%emt 0:00:00]} 72. Ke3 {[%emt 0:00:19]} Bg4 {[%emt 0:00:00]} 73. Bg8 {[%emt 0:01:45]} Bh3 {[%emt 0:00:00]} 74. Bb3 {[%emt 0:03:23]} Bg4 {[%emt 0:00:00]} 75. Kd3 {[%emt 0:00:17]} Bf3 {[%emt 0:00:00]} 76. Bf7 {[%emt 0:00:10]} Bg4 {[%emt 0:00:00]} 77. Bg6 {[%emt 0:00:06]} Kd5 {[%emt 0:00:00]} 78. Be8 {[%emt 0:00:16]} Kc5 {[%emt 0:00:00]} 79. Bd7 {[%emt 0:00:06]} Bh3 {[%emt 0:00:00]} 80. Bc8 {[%emt 0:00:09]} Bg4 {[%emt 0:00:00]} 81. Kc3 {[%emt 0:00:16]} Bh3 {[%emt 0:00:00]} 82. Bb7 {[%emt 0:00:09]} Bg4 {[%emt 0:00:00]} 83. Bg2 {[%emt 0:00:17]} Be2 {[%emt 0:00:00]} 84. Kd2 {[%emt 0:00:49]} Bg4 {[%emt 0:00:00]} 85. Kd3 {[%emt 0:00:16]} Bd1 {[%emt 0:00:34]} 86. Bf1 {[%emt 0:00:00]} Bf3 {[%emt 0:00:14]} 87. Kd2 {[%emt 0:00:00]} Bg4 {[%emt 0:00:33]} 1-0

[Event "XIV American Continental-ch 2019"]
[Site "Sao Paulo"]
[Date "2019.07.09"]
[Round "7.7"]
[White "Matsuura, Everaldo"]
[Black "Delgado Ramirez, Neuris"]
[Result "0-1"]
[WhiteElo "2459"]
[BlackElo "2605"]
[Annotator "RC"]
[PlyCount "56"]
[EventDate "2019.07.05"]
[EventType "swiss"]
[EventCountry "BRA"]
[SourceTitle "playchess.com"]
[Source "ChessBase"]
[SourceQuality "1"]
[TimeControl "40/5400+30:1800+30"]

1. e4 {[%emt 0:02:13]} c5 {[%emt 0:16:11]} 2. Nf3 {[%emt 0:00:19]} d6 {[%emt 0:00:04]} 3. d4 {[%emt 0:00:15]} cxd4 {[%emt 0:00:04]} 4. Nxd4 {[%emt 0:00:10]} Nf6 {[%emt 0:00:03]} 5. Nc3 {[%emt 0:00:10]} a6 {[%emt 0:00:04]} 6. Be3 {[%emt 0:00:28]} e5 {[%emt 0:00:05]} 7. Nb3 {[%emt 0:00:11]} Be7 {[%emt 0:00:05]} 8. Qd2 {[%emt 0:00:26]} O-O {[%emt 0:00:10]} 9. O-O-O {[%emt 0:06:02]} a5 {[%emt 0:00:12]} 10. a4 {[%emt 0:01:27]} Be6 {[%emt 0:00:29]} 11. f4 {[%emt 0:04:13]} Qc8 {[%emt 0:00:27]} 12. Kb1 {[%emt 0:01:16]} Nc6 {[%emt 0:00:14]} 13. f5 {[%emt 0:12:21]} Nxe4 {[%emt 0:00:10]} 14. Nxe4 {[%emt 0:02:13]} Bxf5 {[%emt 0:00:10]} 15. Ng3 {[%emt 0:04:02]} Bg6 {[%emt 0:00:20]} 16. Bd3 {[%emt 0:03:34]} f5 {[%emt 0:00:22]} 17. h4 {[%emt 0:10:06]} f4 {[%emt 0:02:45]} 18. Bxg6 {[%emt 0:01:25]} hxg6 {[%emt 0:00:04]} 19. Ne4 {[%emt 0:17:37]} fxe3 {[%emt 0:05:29]} 20. Qd5+ {[%emt 0:07:54]} Kh8 {[%emt 0:02:35]} 21. Nxd6 {[%emt 0:09:17]} Bxd6 {[%emt 0:00:58]} 22. h5 {[%emt 0:01:17]} g5 {[%emt 0:01:09]} 23. Qxd6 {[%emt 0:01:16]} Rf6 {[%emt 0:06:10]} 24. Qc5 {[%emt 0:07:03]} Nd4 {[%emt 0:00:42]} 25. Rc1 {[%emt 0:02:33]} Qxc5 {[%emt 0:11:56]} 26. Nxc5 {[%emt 0:00:09]} Ne2 {[%emt 0:00:03]} 27. Rce1 {[%emt 0:02:16]} Ng3 {[%emt 0:00:17]} 28. Rh3 {[%emt 0:00:32]} Rf1 {[%emt 0:01:07]} 0-1

[Event "XIV American Continental-ch 2019"]
[Site "Sao Paulo"]
[Date "2019.07.10"]
[Round "7.8"]
[White "Gareyev, Timur"]
[Black "Molina, Roberto Junio Brito"]
[Result "1-0"]
[WhiteElo "2588"]
[BlackElo "2464"]
[Annotator "RC"]
[PlyCount "111"]
[EventDate "2019.07.05"]
[EventType "swiss"]
[EventCountry "BRA"]
[SourceTitle "playchess.com"]
[Source "ChessBase"]
[SourceQuality "1"]
[TimeControl "40/5400+30:1800+30"]

1. d4 {[%emt 0:00:00]} d5 {[%emt 0:00:00]} 2. Nf3 {[%emt 0:00:00]} Nf6 {[%emt 0:00:00]} 3. c4 {[%emt 0:00:00]} e6 {[%emt 0:00:00]} 4. Nc3 {[%emt 0:00:55]} Be7 {[%emt 0:00:10]} 5. Bg5 {[%emt 0:02:40]} h6 {[%emt 0:00:15]} 6. Bh4 {[%emt 0:00:17]} O-O {[%emt 0:00:08]} 7. e3 {[%emt 0:00:22]} b6 {[%emt 0:00:06]} 8. Rb1 {[%emt 0:00:51]} Bb7 {[%emt 0:00:44]} 9. Bxf6 {[%emt 0:00:03]} Bxf6 {[%emt 0:00:05]} 10. cxd5 {[%emt 0:00:04]} Bxd5 {[%emt 0:01:02]} 11. Be2 {[%emt 0:01:09]} Bb7 {[%emt 0:02:24]} 12. b4 {[%emt 0:05:01]} Nd7 {[%emt 0:00:28]} 13. O-O {[%emt 0:00:14]} a5 {[%emt 0:10:17]} 14. a3 {[%emt 0:06:34]} axb4 {[%emt 0:00:53]} 15. axb4 {[%emt 0:00:02]} Qe7 {[%emt 0:05:31]} 16. Qc2 {[%emt 0:18:10]} e5 {[%emt 0:04:38]} 17. Rfd1 {[%emt 0:07:07]} exd4 {[%emt 0:00:39]} 18. Nxd4 {[%emt 0:00:24]} Bxd4 {[%emt 0:06:39]} 19. Rxd4 {[%emt 0:02:57]} Nf6 {[%emt 0:02:14]} 20. h3 {[%emt 0:05:43]} Rfd8 {[%emt 0:01:04]} 21. Rf4 {[%emt 0:01:23]} Nd5 {[%emt 0:02:28]} 22. Nxd5 {[%emt 0:01:41]} Bxd5 {[%emt 0:00:15]} 23. Bc4 {[%emt 0:01:22]} c5 {[%emt 0:01:19]} 24. bxc5 {[%emt 0:04:13]} bxc5 {[%emt 0:01:23]} 25. Rc1 {[%emt 0:00:08]} Rac8 {[%emt 0:00:44]} 26. Rf5 {[%emt 0:06:27]} Qb7 {[%emt 0:05:38]} 27. Qa2 {[%emt 0:02:14]} Bxc4 {[%emt 0:01:37]} 28. Qxc4 {[%emt 0:00:07]} Qe7 {[%emt 0:01:18]} 29. Rxc5 {[%emt 0:05:04]} Rxc5 {[%emt 0:00:08]} 30. Qxc5 {[%emt 0:00:04]} Qxc5 {[%emt 0:00:15]} 31. Rxc5 {[%emt 0:00:03]} g6 {[%emt 0:00:22]} 32. g4 {[%emt 0:01:12]} Kg7 {[%emt 0:00:27]} 33. h4 {[%emt 0:00:46]} Rd7 {[%emt 0:00:42]} 34. Kg2 {[%emt 0:00:33]} Ra7 {[%emt 0:00:11]} 35. f4 {[%emt 0:02:06]} Rb7 {[%emt 0:01:15]} 36. h5 {[%emt 0:01:59]} gxh5 {[%emt 0:01:22]} 37. Rxh5 {[%emt 0:00:49]} Ra7 {[%emt 0:00:03]} 38. Kf3 {[%emt 0:00:16]} Rb7 {[%emt 0:00:03]} 39. Rd5 {[%emt 0:03:16]} Ra7 {[%emt 0:00:18]} 40. Rd6 {[%emt 0:03:48]} Rb7 {[%emt 0:00:49]} 41. Ke4 {[%emt 0:31:03]} Ra7 {[%emt 0:30:53]} 42. Rd3 {[%emt 0:13:05]} Ra5 {[%emt 0:02:46]} 43. Rd5 {[%emt 0:01:00]} Ra6 {[%emt 0:00:25]} 44. Kf3 {[%emt 0:00:52]} Ra7 {[%emt 0:00:06]} 45. Rd3 {[%emt 0:00:15]} Rb7 {[%emt 0:00:19]} 46. e4 {[%emt 0:00:20]} Ra7 {[%emt 0:03:14]} 47. e5 {[%emt 0:00:21]} Rb7 {[%emt 0:00:54]} 48. Ke4 {[%emt 0:02:49]} Ra7 {[%emt 0:00:53]} 49. Rd4 {[%emt 0:00:00]} Rb7 {[%emt 0:00:00]} 50. f5 {[%emt 0:00:00]} Ra7 {[%emt 0:00:00]} 51. Rd8 {[%emt 0:00:00]} Ra1 {[%emt 0:00:00]} 52. f6+ {[%emt 0:00:00]} Kh7 {[%emt 0:00:00]} 53. Rf8 {[%emt 0:00:00]} Ra7 {[%emt 0:00:00]} 54. Kf5 {[%emt 0:00:00]} Rb7 {[%emt 0:00:00]} 55. Rxf7+ {[%emt 0:00:00]} Rxf7 {[%emt 0:00:00]} 56. e6 {[%emt 0:00:00]} 1-0

[Event "XIV American Continental-ch 2019"]
[Site "Sao Paulo"]
[Date "2019.07.09"]
[Round "7.9"]
[White "Fier, Alexandr"]
[Black "Almiron, Antonio"]
[Result "1-0"]
[WhiteElo "2547"]
[BlackElo "2402"]
[Annotator "ChessBase"]
[PlyCount "93"]
[EventDate "2019.07.05"]
[EventType "swiss"]
[EventCountry "BRA"]
[SourceTitle "playchess.com"]
[Source "ChessBase"]
[SourceQuality "1"]
[TimeControl "40/5400+30:1800+30"]

1. c4 {[%emt 0:00:00]} c6 {[%emt 0:00:00]} 2. Nf3 {[%emt 0:00:00]} d5 {[%emt 0:00:00]} 3. e3 {[%emt 0:00:00]} Nf6 {[%emt 0:00:01]} 4. Nc3 {[%emt 0:00:00]} e6 {[%emt 0:00:06]} 5. b3 {[%emt 0:00:00]} Bd6 {[%emt 0:00:06]} 6. Bb2 {[%emt 0:00:00]} O-O {[%emt 0:00:09]} 7. Be2 {[%emt 0:00:00]} Re8 {[%emt 0:11:28]} 8. d4 {[%emt 0:03:06]} Nbd7 {[%emt 0:00:07]} 9. O-O {[%emt 0:00:09]} b6 {[%emt 0:00:08]} 10. Qc2 {[%emt 0:01:26]} Bb7 {[%emt 0:00:07]} 11. Rad1 {[%emt 0:00:06]} Qe7 {[%emt 0:01:22]} 12. Rfe1 {[%emt 0:00:05]} Rac8 {[%emt 0:00:09]} 13. e4 {[%emt 0:04:17]} dxe4 {[%emt 0:00:22]} 14. Nxe4 {[%emt 0:00:05]} Nxe4 {[%emt 0:00:08]} 15. Qxe4 {[%emt 0:00:05]} Bb4 {[%emt 0:11:14]} 16. Rf1 {[%emt 0:00:05]} Ba3 {[%emt 0:10:22]} 17. Ba1 {[%emt 0:02:53]} Nf6 {[%emt 0:02:22]} 18. Qe3 {[%emt 0:07:46]} c5 {[%emt 0:00:23]} 19. Ne5 {[%emt 0:00:11]} Red8 {[%emt 0:07:26]} 20. Nd3 {[%emt 0:10:39]} cxd4 {[%emt 0:04:31]} 21. Bxd4 {[%emt 0:00:43]} Bd6 {[%emt 0:00:25]} 22. Ne5 {[%emt 0:06:03]} Nd7 {[%emt 0:02:24]} 23. h3 {[%emt 0:09:37]} Nxe5 {[%emt 0:04:27]} 24. Bxe5 {[%emt 0:00:04]} Bxe5 {[%emt 0:00:05]} 25. Qxe5 {[%emt 0:00:05]} Qc5 {[%emt 0:00:02]} 26. Qf4 {[%emt 0:01:39]} h6 {[%emt 0:00:38]} 27. Rfe1 {[%emt 0:10:17]} Qg5 {[%emt 0:02:05]} 28. Qxg5 {[%emt 0:00:16]} hxg5 {[%emt 0:00:01]} 29. f3 {[%emt 0:00:08]} Kf8 {[%emt 0:00:34]} 30. Kf2 {[%emt 0:00:03]} Ke7 {[%emt 0:05:21]} 31. Ke3 {[%emt 0:00:03]} f5 {[%emt 0:00:19]} 32. Rxd8 {[%emt 0:01:19]} Rxd8 {[%emt 0:00:07]} 33. Bd3 {[%emt 0:00:03]} Kf6 {[%emt 0:00:38]} 34. Rc1 {[%emt 0:00:21]} Rd7 {[%emt 0:04:05]} 35. b4 {[%emt 0:00:14]} Ke5 {[%emt 0:03:04]} 36. a4 {[%emt 0:00:23]} Bc6 {[%emt 0:01:16]} 37. a5 {[%emt 0:00:25]} bxa5 {[%emt 0:00:21]} 38. b5 {[%emt 0:00:08]} Bb7 {[%emt 0:00:44]} 39. Ra1 {[%emt 0:06:07]} f4+ {[%emt 0:01:38]} 40. Kd2 {[%emt 0:00:57]} Kd4 {[%emt 0:00:04]} 41. Rxa5 {[%emt 0:30:05]} Bc8 {[%emt 0:30:54]} 42. Ra1 {[%emt 0:00:42]} e5 {[%emt 0:04:43]} 43. c5 {[%emt 0:00:51]} Re7 {[%emt 0:12:56]} 44. Be4 {[%emt 0:03:49]} Kc4 {[%emt 0:03:43]} 45. b6 {[%emt 0:00:41]} axb6 {[%emt 0:00:04]} 46. cxb6 {[%emt 0:00:07]} Kb5 {[%emt 0:00:03]} 47. Ra7 {[%emt 0:00:45]} 1-0